000 00447ntaaa2200181 4500
003 01
005 20251027202917.0
008 0714s1973 ag 01
040 _aAR-BaBN
_bspa
_cAR-BaBN
_eaacr
_dRIC
082 _a922.0000 M27
100 _aMaguire, Clyde Merrill
_920023
245 _aJ.M. Price
250 _a1 ed.
260 _aNashville :
_bBroadman Press,
_cc1960
300 _a138 p
650 _aPrice, J.M.-biografĂ­a
_929551
942 _cBK
999 _c24334
_d24334